[Event "Mumbai Wealth op U13 4th"]
[Site "Mumbai"]
[Date "2019.01.01"]
[Round "3"]
[White "Ambre, Ved"]
[Black "Agarwal, Mukund Hemant"]
[Result "0-1"]
[WhiteElo "1063"]
[BlackElo "1375"]
[PlyCount "110"]
[EventDate "2018.12.30"]
[EventType "swiss"]
[EventRounds "9"]
[EventCountry "IND"]
[SourceTitle "CBM 188 Extra"]
[Source "ChessBase"]
[SourceDate "2019.02.26"]
[SourceVersion "1"]
[SourceVersionDate "2019.02.26"]
[SourceQuality "1"]

1. e4 c5 2. Nf3 d6 3. d4 cxd4 4. Nxd4 Nf6 5. Nc3 g6 6. Be3 Bg7 7. g3 0-0 8. f3 Nc6 9. Qd2 d5 10. Nxc6 bxc6 11. 0-0-0 Be6 12. exd5 Nxd5 13. Nxd5 Bxd5 14. Bg2 Qc7 15. Kb1 Rfd8 16. Qf2 Qa5 17. b3 Rac8 18. Bd4 c5 19. Bxg7 Kxg7 20. c4 Be6 21. f4 Qc3 22. Qb2 Bf5+ 23. Ka1 Qxb2+ 24. Kxb2 Bg4 25. Bb7 Rxd1 26. Rxd1 Rc7 27. Rd5 Rxb7 28. Rxc5 Kf8 29. Rd5 Ke8 30. Kc3 Be6 31. Rd4 Rd7 32. b4 Rxd4 33. Kxd4 Kd7 34. Kc5 Kc7 35. a4 f6 36. a5 Bf7 37. b5 e5 38. Kb4 exf4 39. gxf4 h5 40. c5 g5 41. b6+ axb6 42. axb6+ Kc6 43. fxg5 fxg5 44. Kc3 Bd5 45. Kd4 Bf3 46. Ke3 g4 47. h3 Kxc5 48. hxg4 hxg4 49. Kf4 Kxb6 50. Kg3 Kc5 51. Kf4 Kd4 52. Kg3 Ke3 53. Kh2 Kf4 54. Kg1 Kg3 55. Kf1 Kh2 0-1